[Event "Norway Chess op-B"]
[Site "Stavanger"]
[Date "2025.05.27"]
[Round "3"]
[White "Schleich, Theodor"]
[Black "Kalejta, Arkadiusz"]
[Result "0-1"]
[WhiteElo "1867"]
[BlackElo "1760"]
[PlyCount "90"]
[EventDate "2025.05.27"]
[EventType "swiss"]
[EventRounds "9"]
[EventCountry "NOR"]
[SourceTitle "CB23_2025"]
[SourceDate "2025.06.04"]
[SourceVersion "1"]
[SourceVersionDate "2025.06.04"]
[SourceQuality "1"]

1. d4 d5 2. Bf4 Nf6 3. e3 c5 4. Nf3 Nc6 5. c3 Qb6 6. Qc1 cxd4 7. exd4 Bf5 8. Nh4 Bd7 9. Bd3 Rc8 10. 0-0 Nb4 11. Be2 Bb5 12. Bxb5+ Qxb5 13. Na3 Qa6 14. Qd1 Nd3 15. Be5 e6 16. Bxf6 Nxb2 17. Qb3 gxf6 18. Nb5 Nc4 19. Rfe1 Be7 20. Nf5 exf5 21. Qb4 Ne5 22. Qb3 Ng6 23. h4 Kf8 24. h5 Nf4 25. Rxe7 Kxe7 26. Qb4+ Kd7 27. Re1 Rhe8 28. Rxe8 Rxe8 29. c4 Qb6 30. c5 Qa6 31. a4 Re6 32. Qb3 Kc6 33. h6 Qa5 34. Kh2 a6 35. Nd6 Qc7 36. a5 Rxd6 37. cxd6 Kxd6 38. g3 Ne6 39. Qb4+ Kd7 40. Qb3 Qc6 41. Qb1 Nxd4 42. Qb2 Nf3+ 43. Kh3 Ne5 44. Qb1 Kc7 45. Qxf5 Qe6 0-1

[Event "St Veit op 43rd"]
[Site "St Veit"]
[Date "2024.07.12"]
[Round "8"]
[White "Hechl, Fabian"]
[Black "Schleich, Theodor"]
[Result "1-0"]
[WhiteElo "2037"]
[BlackElo "1938"]
[PlyCount "31"]
[EventDate "2024.07.06"]
[EventType "swiss"]
[EventRounds "9"]
[EventCountry "AUT"]
[SourceTitle "CBM 221 Extra"]
[Source "ChessBase"]
[SourceDate "2024.09.30"]
[SourceVersion "1"]
[SourceVersionDate "2024.09.30"]
[SourceQuality "1"]

1. e4 e6 2. d4 d5 3. Nd2 dxe4 4. Nxe4 Nd7 5. Bd3 Ngf6 6. Qe2 c5 7. Nxf6+ Nxf6 8. dxc5 Bxc5 9. Bd2 Qb6 10. Nf3 Qxb2 11. 0-0 Qb6 12. Ne5 Qc7 13. Bf4 Bd6 14. Bb5+ Nd7 15. Nxd7 Bxd7 16. Bxd7+ 1-0

[Event "St Veit op 43rd"]
[Site "St Veit"]
[Date "2024.07.08"]
[Round "4"]
[White "Wiedermann, Daniel"]
[Black "Schleich, Theodor"]
[Result "1-0"]
[WhiteElo "2067"]
[BlackElo "1938"]
[PlyCount "57"]
[EventDate "2024.07.06"]
[EventType "swiss"]
[EventRounds "9"]
[EventCountry "AUT"]
[SourceTitle "CBM 221 Extra"]
[Source "ChessBase"]
[SourceDate "2024.09.30"]
[SourceVersion "1"]
[SourceVersionDate "2024.09.30"]
[SourceQuality "1"]

1. d4 e6 2. c4 b6 3. a3 Bb7 4. Nc3 Nf6 5. d5 Bd6 6. g3 0-0 7. Bg2 exd5 8. cxd5 Re8 9. Nh3 c6 10. 0-0 Na6 11. Bg5 Be5 12. e4 h6 13. Bxf6 Qxf6 14. Rc1 Nc5 15. Qc2 Ba6 16. Rfd1 Bc4 17. Qb1 Nb3 18. Rc2 Nd4 19. f4 Bb3 20. Rcd2 Bxd1 21. Qxd1 c5 22. fxe5 Qxe5 23. Ne2 Nxe2+ 24. Qxe2 f5 25. Nf2 Re7 26. d6 Re6 27. Qc4 Kh8 28. Nd3 Qxd6 29. e5 1-0

[Event "Arco op 44th"]
[Site "Arco"]
[Date "2022.10.14"]
[Round "7"]
[White "Kocharin, Timur"]
[Black "Schleich, Theodor"]
[Result "1-0"]
[WhiteElo "2081"]
[BlackElo "1907"]
[PlyCount "43"]
[EventDate "2022.10.08"]
[EventType "swiss"]
[EventRounds "9"]
[EventCountry "ITA"]
[SourceTitle "CBM 210 Extra"]
[Source "ChessBase"]
[SourceDate "2022.11.30"]
[SourceVersion "1"]
[SourceVersionDate "2022.11.30"]
[SourceQuality "1"]

1. d4 e6 2. c4 Nf6 3. Nf3 b6 4. a3 Bb7 5. Nc3 d5 6. cxd5 Nxd5 7. Qc2 Nd7 8. e4 Nxc3 9. bxc3 c5 10. Bd3 cxd4 11. cxd4 Rc8 12. Qe2 Be7 13. 0-0 0-0 14. Bb2 Nf6 15. Rad1 Qc7 16. d5 exd5 17. e5 Ne4 18. Nd4 Bc5 19. Nf5 f6 20. Bxe4 dxe4 21. Qc4+ Kh8 22. e6 1-0

[Event "Arco op 44th"]
[Site "Arco"]
[Date "2022.10.10"]
[Round "3"]
[White "Feher, Tamas"]
[Black "Schleich, Theodor"]
[Result "0-1"]
[WhiteElo "2153"]
[BlackElo "1907"]
[PlyCount "80"]
[EventDate "2022.10.08"]
[EventType "swiss"]
[EventRounds "9"]
[EventCountry "ITA"]
[SourceTitle "CBM 210 Extra"]
[Source "ChessBase"]
[SourceDate "2022.11.30"]
[SourceVersion "1"]
[SourceVersionDate "2022.11.30"]
[SourceQuality "1"]

1. e4 c5 2. d4 cxd4 3. c3 dxc3 4. Nxc3 e6 5. Nf3 Nc6 6. Bc4 a6 7. 0-0 b5 8. Bb3 Na5 9. Bc2 Bb7 10. Bf4 Nf6 11. Qe2 Rc8 12. Rfd1 Be7 13. Rac1 0-0 14. Ng5 h6 15. Nxf7 Rxf7 16. e5 Nh7 17. Bxh6 gxh6 18. Rd3 Bg5 19. Rcd1 Nc4 20. Rg3 Kh8 21. Qh5 Nxe5 22. Re1 Nf6 23. Qh3 Nfg4 24. Rxg4 Nxg4 25. Qxg4 Qb6 26. Re2 Rc4 27. Qh5 Rcf4 28. Nd1 Qd4 29. h4 Qd5 30. Ne3 Qe5 31. Nc4 Qg7 32. hxg5 bxc4 33. Bg6 Rf8 34. Rd2 Bd5 35. g3 Rf3 36. a3 Kg8 37. gxh6 Qf6 38. Qg4 Kh8 39. Rxd5 exd5 40. Qxd7 Qxg6 0-1

[Event "Arber op 8th"]
[Site "Bodenmais"]
[Date "2019.07.29"]
[Round "3"]
[White "Kronschnabl, Matthias"]
[Black "Schleich, Theodor"]
[Result "0-1"]
[WhiteElo "1837"]
[BlackElo "2000"]
[PlyCount "34"]
[EventDate "2019.07.27"]
[EventType "swiss"]
[EventRounds "9"]
[EventCountry "GER"]
[SourceTitle "CBM 191 Extra"]
[Source "ChessBase"]
[SourceDate "2019.09.30"]
[SourceVersion "1"]
[SourceVersionDate "2019.09.30"]
[SourceQuality "1"]

1. d4 e6 2. Bf4 c5 3. e3 Qb6 4. b3 Nf6 5. Nf3 cxd4 6. Qxd4 Bc5 7. Qc4 Nc6 8. Be5 Nxe5 9. Nxe5 Qa5+ 10. c3 Bxe3 11. Nd3 Bb6 12. Be2 0-0 13. 0-0 d5 14. Qh4 Bd8 15. c4 Ne4 16. Qf4 Bg5 17. b4 Qd8 0-1

[Event "Arber op 8th"]
[Site "Bodenmais"]
[Date "2019.07.28"]
[Round "2"]
[White "Schleich, Theodor"]
[Black "Poetz, Florian"]
[Result "0-1"]
[WhiteElo "2000"]
[BlackElo "2389"]
[PlyCount "82"]
[EventDate "2019.07.27"]
[EventType "swiss"]
[EventRounds "9"]
[EventCountry "GER"]
[SourceTitle "CBM 191 Extra"]
[Source "ChessBase"]
[SourceDate "2019.09.30"]
[SourceVersion "1"]
[SourceVersionDate "2019.09.30"]
[SourceQuality "1"]

1. d4 c5 2. d5 f5 3. c4 g6 4. Nc3 Bg7 5. e4 Bxc3+ 6. bxc3 fxe4 7. Qc2 d6 8. Ne2 Nf6 9. Ng3 Qa5 10. Bd2 Bf5 11. Nxf5 gxf5 12. f3 Nbd7 13. fxe4 fxe4 14. Be2 0-0-0 15. 0-0-0 Rhg8 16. Rhg1 h5 17. Rdf1 Rg7 18. Kb2 Rdg8 19. g3 Nb6 20. Rf4 Qa4 21. Qxa4 Nxa4+ 22. Kb3 Nb6 23. Bf1 Kd8 24. Bg2 Ng4 25. Bxe4 Nxh2 26. Rh1 Ng4 27. Rxh5 Ne5 28. Rfh4 Nbxc4 29. Bf4 b5 30. Bf5 Ng6 31. Rg4 Nxf4 32. Rxg7 Rxg7 33. gxf4 Rg2 34. Rh8+ Kc7 35. Bc2 Nb6 36. Be4 Re2 37. Bf3 Re3 38. Bg2 Na4 39. Rh3 c4+ 40. Kb4 Rxh3 41. Bxh3 Kb6 0-1

[Event "Bayern-chI Bank Hofmann 22nd"]
[Site "Tegernsee"]
[Date "2018.11.01"]
[Round "6"]
[White "Schleich, Theodor"]
[Black "Jahnz, Fabian"]
[Result "0-1"]
[WhiteElo "1992"]
[BlackElo "2244"]
[PlyCount "50"]
[EventDate "2018.10.27"]
[EventType "swiss"]
[EventRounds "9"]
[EventCountry "GER"]
[SourceTitle "CBM 187 Extra"]
[Source "ChessBase"]
[SourceDate "2018.11.04"]
[SourceVersion "1"]
[SourceVersionDate "2018.11.04"]
[SourceQuality "1"]

1. d4 d5 2. Bg5 f6 3. Bd2 Nc6 4. e3 e5 5. Bb5 Bd6 6. c4 dxc4 7. Bxc4 exd4 8. Bxg8 dxe3 9. fxe3 Rxg8 10. Qh5+ Kf8 11. Qxh7 Qe7 12. Nf3 Ne5 13. 0-0 Nxf3+ 14. Rxf3 Bg4 15. Rf1 Kf7 16. Qc2 Rh8 17. g3 Qe5 18. Be1 Rh5 19. Nc3 Rah8 20. Ne4 Bf5 21. Nxd6+ cxd6 22. Qb3+ Kg6 23. Rf2 Be4 24. Rd2 Rxh2 25. Rxh2 Rxh2 0-1

[Event "Arber op 7th"]
[Site "Bodenmais"]
[Date "2018.08.02"]
[Round "6"]
[White "Kottmair, Toni"]
[Black "Schleich, Theodor"]
[Result "1-0"]
[WhiteElo "2126"]
[BlackElo "1961"]
[PlyCount "61"]
[EventDate "2018.07.28"]
[EventType "swiss"]
[EventRounds "9"]
[EventCountry "GER"]
[SourceTitle "CBM 185 Extra"]
[Source "ChessBase"]
[SourceDate "2018.07.29"]
[SourceVersion "1"]
[SourceVersionDate "2018.07.29"]
[SourceQuality "1"]

1. Nf3 e6 2. g3 b6 3. Bg2 Bb7 4. d4 Nf6 5. c4 Be7 6. Nc3 0-0 7. 0-0 Ne4 8. Nxe4 Bxe4 9. Bf4 d6 10. Qb3 Nd7 11. Rfd1 Bf6 12. Qe3 Bb7 13. Bg5 Qe7 14. Bxf6 Nxf6 15. Nh4 Bxg2 16. Kxg2 Ng4 17. Qf3 f5 18. Kg1 g5 19. Ng2 Qg7 20. Ne3 Nxe3 21. Qxe3 Rae8 22. Qa3 a5 23. c5 dxc5 24. dxc5 f4 25. Rd2 fxg3 26. fxg3 Qf6 27. Qe3 e5 28. Rad1 h6 29. cxb6 cxb6 30. Rd6 Re6 31. Qxb6 1-0

[Event "Arber op 7th"]
[Site "Bodenmais"]
[Date "2018.07.31"]
[Round "4"]
[White "Puschendorf, Steffen"]
[Black "Schleich, Theodor"]
[Result "1-0"]
[WhiteElo "2153"]
[BlackElo "1961"]
[PlyCount "53"]
[EventDate "2018.07.28"]
[EventType "swiss"]
[EventRounds "9"]
[EventCountry "GER"]
[SourceTitle "CBM 185 Extra"]
[Source "ChessBase"]
[SourceDate "2018.07.29"]
[SourceVersion "1"]
[SourceVersionDate "2018.07.29"]
[SourceQuality "1"]

1. d4 e6 2. c4 b6 3. e4 Bb7 4. Bd3 Bb4+ 5. Bd2 Qe7 6. a3 Bxd2+ 7. Nxd2 f5 8. Qe2 Nh6 9. Ngf3 0-0 10. 0-0 d6 11. exf5 Nxf5 12. Rfe1 c5 13. Bxf5 Rxf5 14. Qxe6+ Qxe6 15. Rxe6 d5 16. dxc5 bxc5 17. cxd5 Bxd5 18. Re8+ Rf8 19. Rxf8+ Kxf8 20. Ne5 Na6 21. Ndc4 Re8 22. Kf1 Re6 23. Rc1 Ke7 24. Nd3 Re4 25. Ne3 c4 26. Nxd5+ Kd6 27. N3b4 1-0

[Event "Bad Woerishofen op 34th"]
[Site "Bad Woerishofen"]
[Date "2018.02.24"]
[Round "3"]
[White "Schleich, Theodor"]
[Black "Fenske, Wolfgang"]
[Result "1-0"]
[WhiteElo "1988"]
[BlackElo "1888"]
[PlyCount "33"]
[EventDate "2018.02.23"]
[EventType "swiss"]
[EventRounds "9"]
[EventCountry "GER"]
[SourceTitle "CBM 183 Extra"]
[Source "ChessBase"]
[SourceDate "2018.04.19"]
[SourceVersion "1"]
[SourceVersionDate "2018.04.19"]
[SourceQuality "1"]

1. d4 Nf6 2. Bg5 g6 3. Nc3 Bg7 4. e4 d6 5. Qd2 0-0 6. 0-0-0 c6 7. f3 Qc7 8. Bh6 Nbd7 9. h4 Nh5 10. Nge2 Ndf6 11. g4 Bxh6 12. Qxh6 Bxg4 13. fxg4 Nxg4 14. Qg5 Nf2 15. Rg1 Nxd1 16. Kxd1 e5 17. Qxh5 1-0

[Event "Munich OIS op 37th"]
[Site "Munich"]
[Date "2017.09.30"]
[Round "1"]
[White "Schleich, Theodor"]
[Black "Koepke, Christian"]
[Result "0-1"]
[WhiteElo "1983"]
[BlackElo "2290"]
[PlyCount "54"]
[EventDate "2017.09.30"]
[EventType "swiss"]
[EventRounds "9"]
[EventCountry "GER"]
[SourceTitle "CBM 181 Extra"]
[Source "ChessBase"]
[SourceDate "2017.12.12"]
[SourceVersion "1"]
[SourceVersionDate "2017.12.12"]
[SourceQuality "1"]

1. d4 Nf6 2. Bg5 Ne4 3. Bf4 c5 4. f3 Nf6 5. d5 Nh5 6. Bd2 e6 7. e4 Qh4+ 8. Ke2 exd5 9. exd5 Bd6 10. Nh3 0-0 11. Be3 Re8 12. Qd2 Nf4+ 13. Kd1 Nxh3 14. gxh3 Qf6 15. Be2 Qxb2 16. c3 Qxa1 17. Bd3 Bf8 18. Ke2 g6 19. Kf2 c4 20. Bxc4 b5 21. Bb3 Na6 22. Rc1 Nc5 23. Bd1 Ba6 24. Be2 Na4 25. c4 Qe5 26. Bf4 Bc5+ 27. Kf1 Qf5 0-1

[Event "Arber op 6th"]
[Site "Bodenmais"]
[Date "2017.08.06"]
[Round "9"]
[White "Schleich, Theodor"]
[Black "Terhorst, Jochen"]
[Result "0-1"]
[WhiteElo "1966"]
[BlackElo "2164"]
[PlyCount "36"]
[EventDate "2017.07.29"]
[EventType "swiss"]
[EventRounds "9"]
[EventCountry "GER"]
[SourceTitle "EXT 2018"]
[Source "ChessBase"]
[SourceDate "2017.10.13"]
[SourceVersion "1"]
[SourceVersionDate "2017.10.13"]
[SourceQuality "1"]

1. d4 d5 2. Bg5 Nf6 3. e3 c5 4. Bxf6 gxf6 5. Nc3 cxd4 6. exd4 Nc6 7. Qh5 e6 8. 0-0-0 Bd7 9. f4 f5 10. g4 fxg4 11. f5 Qf6 12. Qxg4 0-0-0 13. Nf3 Rg8 14. Qh3 a6 15. Kb1 Bd6 16. Na4 Kc7 17. Nc5 Bc8 18. fxe6 Bxc5 0-1

[Event "Regionalliga SW 1617"]
[Site "Bayern"]
[Date "2017.04.02"]
[Round "8.7"]
[White "Schleich, Theodor"]
[Black "Demir, Bilal"]
[Result "1-0"]
[WhiteElo "1891"]
[BlackElo "2113"]
[PlyCount "61"]
[EventDate "2016.10.16"]
[EventType "team-tourn"]
[EventRounds "9"]
[EventCountry "GER"]
[SourceTitle "EXT 2019"]
[Source "ChessBase"]
[SourceDate "2018.10.10"]
[SourceVersion "1"]
[SourceVersionDate "2018.10.10"]
[SourceQuality "1"]
[WhiteTeam "Muenchen 36 II"]
[BlackTeam "Unterhaching"]
[WhiteTeamCountry "GER"]
[BlackTeamCountry "GER"]

1. d4 d6 2. e4 Nf6 3. Nc3 e5 4. dxe5 dxe5 5. Qxd8+ Kxd8 6. Bc4 Ke8 7. Nf3 Bd6 8. Ng5 Rf8 9. h3 c6 10. a4 a5 11. Be3 Na6 12. 0-0-0 Bb4 13. f4 exf4 14. Bxf4 h6 15. Nf3 Be6 16. Bxe6 fxe6 17. Bd6 Bxd6 18. Rxd6 Ke7 19. e5 Nd5 20. Nh4 Rfd8 21. Rf1 Rxd6 22. Ng6+ Ke8 23. Rf8+ Kd7 24. Rxa8 Nxc3 25. exd6 Nxa4 26. Rg8 Kxd6 27. Rxg7 N6c5 28. Nf4 Nb6 29. Rh7 Ke5 30. Nd3+ Nxd3+ 31. cxd3 1-0

[Event "Regionalliga SW 1617"]
[Site "Bayern"]
[Date "2017.01.15"]
[Round "4.8"]
[White "Schleich, Theodor"]
[Black "Lohvinov, Petro"]
[Result "0-1"]
[WhiteElo "1891"]
[BlackElo "1767"]
[PlyCount "64"]
[EventDate "2016.10.16"]
[EventType "team-tourn"]
[EventRounds "9"]
[EventCountry "GER"]
[SourceTitle "EXT 2019"]
[Source "ChessBase"]
[SourceDate "2018.10.10"]
[SourceVersion "1"]
[SourceVersionDate "2018.10.10"]
[SourceQuality "1"]
[WhiteTeam "Muenchen 36 II"]
[BlackTeam "Muenchen Suedost II"]
[WhiteTeamCountry "GER"]
[BlackTeamCountry "GER"]

1. d4 Nf6 2. Bg5 b6 3. Nf3 Bb7 4. e3 e6 5. Bd3 Be7 6. 0-0 c5 7. Nbd2 0-0 8. e4 cxd4 9. Nxd4 d6 10. f4 Nbd7 11. f5 e5 12. Ne2 d5 13. Ng3 Nc5 14. Bxf6 Bxf6 15. Qg4 dxe4 16. Ndxe4 Nxe4 17. Bxe4 Bxe4 18. Nxe4 Qe7 19. Rf3 Rfd8 20. Raf1 Rd4 21. c3 h5 22. Nxf6+ Qxf6 23. Qxh5 Rh4 24. Qxh4 Qxh4 25. f6 gxf6 26. Rg3+ Kf8 27. Rh3 Qe4 28. Rd1 Ke7 29. Rhd3 Qc6 30. h4 Rg8 31. R1d2 Rg4 32. Rh3 Qe4 0-1

[Event "Schleswig Holstein-ch Seniors op 10th"]
[Site "Buesum"]
[Date "2016.10.02"]
[Round "7"]
[White "Nickel, Juergen"]
[Black "Schleich, Theodor"]
[Result "0-1"]
[WhiteElo "1888"]
[BlackElo "2040"]
[PlyCount "64"]
[EventDate "2016.09.26"]
[EventType "swiss"]
[EventRounds "9"]
[EventCountry "GER"]
[SourceTitle "EXT 2019"]
[Source "ChessBase"]
[SourceDate "2018.10.10"]
[SourceVersion "1"]
[SourceVersionDate "2018.10.10"]
[SourceQuality "1"]

1. e4 c5 2. Nc3 e6 3. g3 Nc6 4. Bg2 Nf6 5. d3 Be7 6. Nge2 d5 7. 0-0 0-0 8. f4 d4 9. Nb1 Qc7 10. Nd2 Rb8 11. Nf3 Rd8 12. Ne5 Nxe5 13. fxe5 Nd7 14. Nf4 Nxe5 15. Nh3 Ng6 16. Nf4 b5 17. Nxg6 hxg6 18. Qf3 Rf8 19. e5 Bb7 20. Qg4 Bxg2 21. Kxg2 Qxe5 22. Bf4 Qd5+ 23. Kh3 Rbc8 24. Rfe1 Bf6 25. a4 a6 26. axb5 axb5 27. Ra6 Rfd8 28. Qe2 c4 29. g4 cxd3 30. cxd3 b4 31. Qd2 b3 32. Rc1 Qf3+ 0-1

[Event "Arber op 5th"]
[Site "Bodenmais"]
[Date "2016.07.31"]
[Round "2"]
[White "Schleich, Theodor"]
[Black "Hoffmann, Hendrik"]
[Result "0-1"]
[WhiteElo "2024"]
[BlackElo "2330"]
[PlyCount "76"]
[EventDate "2016.07.30"]
[EventType "swiss"]
[EventRounds "9"]
[EventCountry "GER"]
[SourceTitle "CBM 173 Extra"]
[Source "ChessBase"]
[SourceDate "2016.08.29"]
[SourceVersion "1"]
[SourceVersionDate "2016.08.29"]
[SourceQuality "1"]

1. d4 d6 2. e4 Nf6 3. Nc3 g6 4. Bg5 Bg7 5. Qd2 0-0 6. 0-0-0 c6 7. f3 b5 8. h4 b4 9. Nce2 a5 10. h5 Qc7 11. Ng3 Ba6 12. N1e2 Nbd7 13. Bh6 e5 14. dxe5 dxe5 15. Nf5 Bxh6 16. Qxh6 gxf5 17. Ng3 Kh8 18. Nxf5 Rg8 19. Rd6 Qd8 20. Bxa6 Rxa6 21. Rhd1 Rb6 22. Rxf6 Qxf6 23. Rxd7 Qxh6+ 24. Nxh6 Rxg2 25. Nxf7+ Kg7 26. Nxe5+ Kh6 27. Ng4+ Kxh5 28. Rxh7+ Kg5 29. Rf7 Rb5 30. Ne3 Re2 31. Nf5 c5 32. Nd6 Rb8 33. Rf5+ Kh4 34. Rxc5 a4 35. Nf5+ Kh3 36. a3 Rg8 37. Kb1 Rg1+ 38. Ka2 Ree1 0-1

[Event "Regionalliga SW 1516"]
[Site "Bayern"]
[Date "2015.12.13"]
[Round "4.6"]
[White "Schleich, Theodor"]
[Black "Demir, Bilal"]
[Result "0-1"]
[WhiteElo "1936"]
[BlackElo "2080"]
[PlyCount "52"]
[EventDate "2015.10.11"]
[EventType "team-tourn"]
[EventRounds "9"]
[EventCountry "GER"]
[SourceTitle "EXT 2018"]
[Source "ChessBase"]
[SourceDate "2017.10.13"]
[SourceVersion "1"]
[SourceVersionDate "2017.10.13"]
[SourceQuality "1"]
[WhiteTeam "Muenchen Siemens"]
[BlackTeam "Unterhaching"]
[WhiteTeamCountry "GER"]
[BlackTeamCountry "GER"]

1. d4 d5 2. Bg5 c6 3. e3 Qb6 4. b3 g6 5. Bd3 Bg7 6. Nf3 Nf6 7. 0-0 Bg4 8. Nbd2 e5 9. dxe5 Nfd7 10. h3 Bxf3 11. Nxf3 Nxe5 12. Nxe5 Bxe5 13. Bh6 Nd7 14. Rc1 0-0-0 15. c4 Nc5 16. Bb1 dxc4 17. Qg4+ Ne6 18. Rxc4 Kb8 19. Rfc1 Rd7 20. Qe2 Rhd8 21. e4 g5 22. Bc2 Bf4 23. Rd1 Rxd1+ 24. Bxd1 Rd2 25. Qe1 Rxf2 26. Rb4 Re2+ 0-1